Fama postuma de Garcilaso de la Vega : antologia poetica en su honor, el poeta en el teatro, bibliografia garcilasiana /

Bibliographic Details
Other Authors: Gallego Morell, Antonio, 1923-
Format: Book
Language:English
French
Italian
Latin
Portuguese
Published: Granada : Universidad, 1978.
Series:Colección monográfica (Universidad de Granada) ; 59.
Colección monográfica (Universidad de Granada). Poesia.
Subjects:

MARC

Tag First Indicator Second Indicator Subfields
LEADER 00000cam a2200000 i 4500
001 in00000068741
005 20151008050833.0
008 790823s1978 sp af b 00000 eng
010 |a  79110608  
015 |a Sp78-Dec 
020 |a 8433800914 :  |c 600ptas 
035 |a (OCoLC)04895294 
035 |9 AAG3722AM 
040 |a DLC  |c DLC  |d TXA  |d UtOrBLW 
041 0 |a eng  |a fre  |a ita  |a lat  |a por 
049 |a TXAM  |c [1159824] 
050 0 0 |a PQ6174.9.G37  |b F35 
082 0 |a 861/.008 
245 0 0 |a Fama postuma de Garcilaso de la Vega :  |b antologia poetica en su honor, el poeta en el teatro, bibliografia garcilasiana /  |c Antonio Gallego Morell. 
264 1 |a Granada :  |b Universidad,  |c 1978. 
300 |a 765 pages, 7 unnumbered leaves of plates :  |b illustrations ;  |c 21 cm. 
336 |a text  |b txt  |2 rdacontent 
337 |a unmediated  |b n  |2 rdamedia 
338 |a volume  |b nc  |2 rdacarrier 
490 1 |a Colleccion monografica Universidad de Granada ; 59 : Poesia 
500 |a Spanish, Catalan, English, French, Italian, Latin, or Portuguese. 
600 0 0 |a Vega, Garcilaso de la,  |d 1503-1536.  |k in fiction, drama, poetry, etc. 
600 0 0 |a Vega, Garcilaso de la,  |d 1503-1536  |x Bibliography. 
650 0 |a Spanish literature. 
700 1 |a Gallego Morell, Antonio,  |d 1923- 
830 0 |a Colección monográfica (Universidad de Granada) ;  |v 59. 
830 0 |a Colección monográfica (Universidad de Granada).  |p Poesia. 
999 |a MARS 
999 f f |s 9eb9167c-5a06-38fe-81a4-45b8d94de162  |i 73814b07-f242-3ef2-8b31-3bcfe069f093  |t 0 
952 f f |p ric  |a Texas A&M University  |b Rellis Campus  |c Joint Library Facility  |d Remote Storage  |t 0  |e PQ6174.9.G37 F35  |h Library of Congress classification  |i unmediated -- volume  |m A14803804264 
998 f f |a PQ6174.9.G37 F35  |t 0  |l Remote Storage